Statistiques concernant Devine la Nationalité de ces joueurs

Cliquez ici pour prendre le quiz!

Statistiques générales

  • Ce quiz a été pris 103 fois
  • Le résultat moyen est 26 sur 30

Statistiques - réponses

JoueursNationalité% Correct
Robert LewandowskiPologne
99%
DecoPortugal
99%
EndrickBrésil
98%
Edouardo CamavingaFrance
97%
Booby CharltonAngleterre
94%
Samuel Eto'oCameroun
94%
Yann SommerSuisse
94%
Mykhaylo MudrykUkraine
94%
Dani OlmoEspagne
93%
Juan Román RiquelmeArgentine
92%
Marouane FellainiBelgique
92%
Kasper DolbergDanemark
90%
Frederico Di-MarcoItalie
90%
Brahim DíazMaroc
90%
Florian WirtzAllemagne
89%
Jonathan DavidCanada
89%
Manuel UgarteUruguay
89%
Joško GvardiolCroatie
88%
Kaoru MitomaJapon
88%
Frank RijkaardPays-Bas
88%
Aleksandr GolovinRussie
88%
Tyler AdamsUSA
86%
Rayan Aït-NouriAlgérie
85%
Jan OblakSlovénie
83%
Hugo SanchezMexique
82%
Nicolas PépéCote d'Ivoire
81%
Péter GulácsiHongrie
72%
Abedi PeléGhana
65%
Aaron MooyAustralie
58%
Eljif ElmasMacédoine
40%

Distribution des résultats

Percentile par nombre de réponses

% des personnes avec chaque résultat

Votre développement - résultats

Vous n’avez pas pris ce quiz